20 Największych miast we Francji (ze zdjęciami) - Statystyki

Ogólne statystyki
  • Ten quiz został rozwiązany 61 razy
  • Średni wynik to 10 z 20
Statystyki odpowiedzi
Obrazkowy Odpowiedź % Poprawnych
Paryż
100%
Lyon
95%
Marsylia
93%
Bordeaux
84%
Lille
73%
Nicea
73%
Strasburg
69%
Tuluza
64%
Montpellier
56%
Nantes
56%
Rennes
51%
Reims
42%
Dijon
40%
Saint-Étienne
31%
Angers
29%
Grenoble
27%
Hawr
20%
Nîmes
15%
Tulon
13%
Saint-Denis
9%
Nie znaleziono quizów pasujących do podanych kryteriów
Rozkład punktacji
Procent ludzi z każdym wynikiem
Percentyl według liczby udzielonych odpowiedzi
Twoja historia wyników
Nie rozwiązałeś tego quizu